[Event "Chigorin Memorial 28th"]
[Site "St Petersburg"]
[Date "2021.10.24"]
[Round "2"]
[White "Paltusov, Sergei"]
[Black "Danilova, Vesta"]
[Result "1-0"]
[WhiteElo "1798"]
[BlackElo "1252"]
[PlyCount "65"]
[EventDate "2021.10.23"]
[EventType "swiss"]
[EventRounds "9"]
[EventCountry "RUS"]
[SourceTitle "EXT 2023"]
[Source "ChessBase"]
[SourceDate "2022.10.05"]
[SourceVersion "1"]
[SourceVersionDate "2022.10.05"]
[SourceQuality "1"]

1. e4 e5 2. Nf3 Nc6 3. Bb5 a6 4. Ba4 Nf6 5. d3 d6 6. c3 Be7 7. Nbd2 0-0 8. Nf1 Bg4 9. Ng3 b5 10. Bc2 Qd7 11. h3 Be6 12. d4 exd4 13. cxd4 d5 14. e5 Ne8 15. 0-0 Nb4 16. Bb1 c5 17. dxc5 Bxc5 18. a3 Nc6 19. Qc2 f5 20. Qxc5 Rc8 21. Bf4 Na5 22. Qb4 Nc4 23. Nd4 h6 24. h4 Nc7 25. b3 Nb6 26. Bd3 g5 27. hxg5 hxg5 28. Bxg5 f4 29. Nh5 Ne8 30. Qe7 Bf7 31. Qxd7 Nxd7 32. e6 Bxh5 33. exd7 1-0